书目信息 |
| 题名: |
西洋木管乐器演奏理论与实践研究
|
|
| 作者: | 周文博 著 | |
| 分册: | ||
| 出版信息: | 长春 吉林出版集团股份有限公司 2023 |
|
| 页数: | 200页 | |
| 开本: | 24cm | |
| 丛书名: | ||
| 单 册: | ||
| 中图分类: | J621.9 , J621 | |
| 科图分类: | ||
| 主题词: | 西乐器--木管乐器--吹奏法--研究 | |
| 电子资源: | ||
| ISBN: | 978-7-5731-2770-9 | |
| 000 | 01314nam0 2200253 450 | |
| 001 | 2348219676 | |
| 005 | 20231205132349.66 | |
| 010 | @a978-7-5731-2770-9@dCNY78.00 | |
| 100 | @a20230421d2023 em y0chiy50 ea | |
| 101 | 0 | @achi |
| 102 | @aCN@b220000 | |
| 105 | @aag az 000yy | |
| 200 | 1 | @a西洋木管乐器演奏理论与实践研究@Axi yang mu guan yue qi yan zou li lun yu shi jian yan jiu@f周文博著 |
| 210 | @a长春@c吉林出版集团股份有限公司@d2023 | |
| 215 | @a200页@c图,乐谱@d24cm | |
| 314 | @a周文博 现任西安音乐学院管弦系大管专业副教授硕士生导师,木管教研室主任,陕西管乐·打击乐学会秘书长,中国大管学会常务理事,亚洲管乐大赛评委,陕西省音乐家协会会员,全国巴松青年重奏组创始人之一,西安音乐学院木管五重奏创始人之一。 | |
| 320 | @a有书目 (第199-200页) | |
| 330 | @a本书对西洋木管乐器演奏理论与实践问题展开论述,主要内容包括西洋管弦乐和西洋管乐的相关情况,包括管弦乐发展历史、乐器构成、乐队研究以及管乐发展、教学和乐团分析;本书还介绍了西洋木管乐器,探讨了西洋木管乐器的发展和性能,论述了木管乐器的演奏理论基础,分析了西洋木管乐器的演奏,对不同木管乐器的演奏进行了详细介绍,试图厘清木管乐器的组合与编配以及演奏心理对木管乐器演奏的影响。 | |
| 606 | 0 | @a西乐器@x木管乐器@x吹奏法@x研究 |
| 690 | @aJ621.9@v5 | |
| 690 | @aJ621@v4 | |
| 701 | 0 | @a周文博@Azhou wen bo@4著 |
| 801 | 0 | @aCN@b91MARC@c20230603 |
| 905 | @aZUCC@dJ621@e7 | |
| 西洋木管乐器演奏理论与实践研究/周文博著.-长春:吉林出版集团股份有限公司,2023 |
| 200页:图,乐谱;24cm |
| ISBN 978-7-5731-2770-9:CNY78.00 |
| 本书对西洋木管乐器演奏理论与实践问题展开论述,主要内容包括西洋管弦乐和西洋管乐的相关情况,包括管弦乐发展历史、乐器构成、乐队研究以及管乐发展、教学和乐团分析;本书还介绍了西洋木管乐器,探讨了西洋木管乐器的发展和性能,论述了木管乐器的演奏理论基础,分析了西洋木管乐器的演奏,对不同木管乐器的演奏进行了详细介绍,试图厘清木管乐器的组合与编配以及演奏心理对木管乐器演奏的影响。 |
| ● |
| 相关链接 |
|
|
|
正题名:西洋木管乐器演奏理论与实践研究
索取号:J621/7
 
预约/预借
| 序号 | 登录号 | 条形码 | 馆藏地/架位号 | 状态 | 备注 |
| 1 | 2001266281 | 2001266281 | 辽宁北方(第一批)/辽宁北方(第一批)/299/ [索取号:J621/7] | 在馆 | |
| 2 | 2001266282 | 2001266282 | 辽宁北方(第一批)/辽宁北方(第一批)/299/ [索取号:J621/7] | 在馆 | |
| 3 | 2001266283 | 2001266283 | 辽宁北方(第一批)/辽宁北方(第一批)/299/ [索取号:J621/7] | 在馆 | |
| 4 | 2001266284 | 2001266284 | 辽宁北方(第一批)/辽宁北方(第一批)/299/ [索取号:J621/7] | 在馆 | |
| 5 | 2001266285 | 2001266285 | 辽宁北方(第一批)/辽宁北方(第一批)/299/ [索取号:J621/7] | 在馆 | |
| 6 | 2001266286 | 2001266286 | 辽宁北方(第一批)/辽宁北方(第一批)/299/ [索取号:J621/7] | 在馆 |